[Event "24th Metropolitan GM"]
[Site "Los Angeles USA"]
[Date "2013.02.22"]
[Round "4"]
[White "Kretchetov,A"]
[Black "Amanov,Z"]
[Result "1/2-1/2"]
[WhiteElo "2276"]
[BlackElo "2399"]

1.Nf3 Nf6 2.c4 b6 3.g3 Bb7 4.Bg2 c5 5.O-O g6 6.Nc3 Bg7 7.Re1 O-O 8.e4 Nc6
9.d4 cxd4 10.Nxd4 Nxd4 11.Qxd4 Nxe4 12.Qe3 Nxc3 13.Bxb7 Rb8 14.Bg2 Na4 15.Qa3 Nc5
16.Qxa7 Nd3 17.Rd1 Nxc1 18.Raxc1 Bxb2 19.Rb1 Bf6 20.Rxd7 Qc8 21.Bd5 e6 22.Rc7  1/2-1/2

[Event "29th Open"]
[Site "Cappelle la Grande FRA"]
[Date "2013.02.23"]
[Round "1.98"]
[White "Pogorelov,R"]
[Black "Boizante,Y"]
[Result "1-0"]
[WhiteElo "2403"]
[BlackElo "2203"]

1.Nf3 Nf6 2.c4 b6 3.g3 Bb7 4.Bg2 c5 5.O-O g6 6.Nc3 Bg7 7.d4 cxd4 8.Qxd4 O-O
9.Qh4 d6 10.Bh6 Qc8 11.Nd5 Bxd5 12.cxd5 Qg4 13.Qxg4 Nxg4 14.Bxg7 Kxg7 15.Rac1 a5
16.Rc7 Na6 17.Rxe7 Rfe8 18.Rxe8 Rxe8 19.Nd4 Nf6 20.Rc1 Nb4 21.a3 Nbxd5 22.Rc6 Rd8
23.Nb5 h6 24.Rxd6 Rxd6 25.Nxd6 Kf8 26.Nc4 a4 27.e4 b5 28.Nd6 Nc7 29.Bf1 Ke7
30.Nxb5 Nxb5 31.Bxb5 Nxe4 32.Bxa4 Nd2 33.Bb5 g5 34.a4 f6 35.Kg2 Kd6 36.b4  1-0

[Event "24th Metropolitan GM"]
[Site "Los Angeles USA"]
[Date "2013.02.23"]
[Round "6"]
[White "Molner,M"]
[Black "Amanov,Z"]
[Result "1-0"]
[WhiteElo "2459"]
[BlackElo "2399"]

1.Nf3 Nf6 2.c4 b6 3.g3 c5 4.Bg2 Bb7 5.O-O g6 6.b3 Bg7 7.Bb2 O-O 8.e3 d5 9.Qe2 Nc6
10.Na3 e6 11.cxd5 exd5 12.d4 Qe7 13.Rfe1 Rfe8 14.dxc5 bxc5 15.Nb5 Rab8 16.Rac1 Ba6
17.a4 Bc8 18.Ba3 Ne4 19.Nd2 Nb4 20.Nxe4 dxe4 21.Bxb4 cxb4 22.Rc7 Qe6 23.Rc4 Ba6
24.Rxb4 f5 25.Qc2 Bxb5 26.Rxb5 Rxb5 27.axb5 Rc8 28.Qa2 Qb6 29.Bf1 h5 30.Rd1 Kh7
31.Bc4 h4 32.Kg2 Kh6 33.Qa6 Qxa6 34.bxa6 Bf8 35.Rd7 Bc5 36.gxh4 Bb6 37.Rb7 Rd8
38.Kg3 Bc5 39.b4 Bb6 40.Kf4 Rd2 41.Rxb6  1-0

[Event "29th Open"]
[Site "Cappelle la Grande FRA"]
[Date "2013.02.25"]
[Round "3.15"]
[White "Gurevich,M"]
[Black "Pedersen,NicV"]
[Result "1-0"]
[WhiteElo "2581"]
[BlackElo "2443"]

1.Nf3 Nf6 2.c4 b6 3.g3 Bb7 4.Bg2 c5 5.O-O g6 6.Nc3 Bg7 7.Re1 Ne4 8.Nxe4 Bxe4
9.d3 Bb7 10.Rb1 O-O 11.Bd2 Nc6 12.Qc1 Rc8 13.Bh6 d6 14.a3 Rc7 15.b4 e5 16.Bxg7 Kxg7
17.e3 cxb4 18.axb4 Ne7 19.Qb2 f6 20.Ra1 Bxf3 21.Bxf3 Qd7 22.Qb3 h5 23.Ra6 h4
24.Qa4 hxg3 25.hxg3 Qxa4 26.Rxa4 Rd8 27.Rea1 Rdd7 28.Kf1 f5 29.Ke2 Kf6 30.Kd2 Ke6
31.Ra6  1-0

[Event "13th European Seniors"]
[Site "Plovdiv BUL"]
[Date "2013.03.16"]
[Round "6"]
[White "Abramovic,B"]
[Black "Bojarinov,V"]
[Result "1-0"]
[WhiteElo "2471"]
[BlackElo "2343"]

1.Nf3 Nf6 2.c4 b6 3.g3 c5 4.Bg2 Bb7 5.O-O g6 6.b3 Bg7 7.Bb2 O-O 8.Nc3 d6
9.d4 cxd4 10.Nxd4 Bxg2 11.Kxg2 d5 12.cxd5 Nxd5 13.e3 Nxc3 14.Bxc3 Qd5+ 15.Qf3 Qxf3+
16.Kxf3 e5 17.Ne2 f5 18.Rac1 Nc6 19.Kg2 Rfd8 20.Rc2 Rd6 21.Rfc1 a5 22.h3 Rad8
23.Be1 Nb4 24.Bxb4 axb4 25.Rc8 Rxc8 26.Rxc8+ Bf8 27.g4 Kf7 28.Ng3 Rd2 29.gxf5 gxf5
30.Nxf5 Rxa2 31.Kf3 Rb2 32.Rc7+ Ke8 33.Rb7 Rxb3 34.Rb8+ Kf7 35.Rxb6 Rc3 36.Ke4 b3
37.Kxe5 Rc5+ 38.Ke4 Rc4+ 39.Kd3 Rb4 40.Rxb4 Bxb4 41.Ng3 Be1 42.Ne4 Kg6 43.f4 Kh5
44.f5 Bb4 45.Nf6+ Kh4 46.e4 h5 47.Nd5 Bd6 48.f6 Kg5 49.Kc3 Kg6 50.Kxb3 Kf7
51.Kc4 Ke6 52.Kd4 Be5+ 53.Ke3 Kf7 54.Ke2 Bd6 55.Kf3 Bb8 56.Nf4 Kxf6 57.h4 Bd6
58.Nxh5+ Ke5 59.Nf4 Kd4 60.Ng6 Ba3 61.Kf4  1-0

[Event "Karpos Open 2013"]
[Site "Skopje MKD"]
[Date "2013.03.16"]
[Round "9.29"]
[White "Stella,A"]
[Black "Erturan,Y"]
[Result "0-1"]
[WhiteElo "2477"]
[BlackElo "2373"]

1.Nf3 Nf6 2.c4 c5 3.g3 b6 4.Bg2 Bb7 5.O-O g6 6.b3 Bg7 7.Bb2 O-O 8.Qc2 Nc6
9.Nc3 d5 10.Nxd5 Nxd5 11.cxd5 Qxd5 12.Bxg7 Kxg7 13.Qb2+ f6 14.Rfd1 Rad8 15.d3 Nd4
16.Rac1 a5 17.Rc4 Rd7 18.Rd2 Rfd8 19.Rc1 Qc6 20.h3 Rd6 21.Kh2 h5 22.Bh1 Qd7
23.Nxd4 Bxh1 24.Nb5 Qxb5 25.Kxh1 Qd7 26.Kg2 e5 27.Rc4 Qe6 28.a3 e4 29.Qc3 exd3
30.exd3 Qf5 31.Rf4 Rxd3 32.Rxf5 Rxc3 33.Rxc5 Rxg3+ 34.Kxg3 Rxd2 35.Rb5 Rd6
36.b4 a4 37.h4 Kf7 38.f4 Ke7 39.f5 g5 40.hxg5 fxg5 41.Kf3 Kf6 42.Ke4 h4 43.Kf3 h3
44.Kg3 g4 45.Kh2 Kg5 46.Kg3 Rd3+ 47.Kh2 Kh4 48.Rxb6 g3+  0-1

[Event "ch-Moscow 2013"]
[Site "Moscow RUS"]
[Date "2013.03.22"]
[Round "1.10"]
[White "Reshetnikov,Al"]
[Black "Vavulin,M"]
[Result "1-0"]
[WhiteElo "2496"]
[BlackElo "2293"]

1.Nf3 Nf6 2.c4 b6 3.g3 Bb7 4.Bg2 c5 5.O-O g6 6.Nc3 Bg7 7.d4 cxd4 8.Qxd4 d6
9.Qh4 Nbd7 10.Bh6 O-O 11.Rfd1 Rc8 12.b3 a6 13.a4 Rc5 14.Bxg7 Kxg7 15.Qd4 Qa8
16.Ne1 Bxg2 17.Nxg2 Ne5 18.Ne3 Nc6 19.Qd2 Nb4 20.Qb2 Kg8 21.Rd4 Qc6 22.Qa3 a5
23.Rad1 Rd8 24.Qb2 Rc8 25.Nb5 Qe8 26.Rh4 Re5 27.Rf4 Nh5 28.Rfd4 Rec5 29.Nc3 Nf6
30.Rf4 Nh5 31.Rf3 f5 32.Ned5 Nxd5 33.Nxd5 Rb8 34.e4 e6 35.Nc3 Qc6 36.Rfd3 Rd8
37.exf5 Rxf5 38.Qd2 Rf3 39.Qe2 Rxd3 40.Qxe6+ Kh8 41.Rxd3 Re8 42.Qd5 Qc8 43.Rd1 Re6
44.Qd4+ Kg8 45.Qxb6  1-0

[Event "2nd Martinique Open"]
[Site "Fort-de-France FRA"]
[Date "2013.04.05"]
[Round "6.11"]
[White "Lafortune,Emerick"]
[Black "Verneuil,P"]
[Result "1/2-1/2"]
[WhiteElo "1684"]
[BlackElo "2101"]

1.Nf3 Nf6 2.c4 b6 3.g3 Bb7 4.Bg2 c5 5.O-O g6 6.Nc3 Bg7 7.d3 O-O 8.Bd2 Qc8
9.Rb1 d5 10.cxd5 Nxd5 11.Qc1 Re8 12.a3 Nf6 13.Bh6 Bh8 14.Qc2 Nbd7 15.Rfc1 Ng4
16.Bf4 e5 17.Bd2 Nf8 18.Ng5 Bxg2 19.Kxg2 Ne6 20.f3 Nd4 21.Qd1 Nf6 22.Nce4 Nxe4
23.Nxe4 Qe6 24.b4 cxb4 25.Bxb4 Rec8 26.Bc3 Nf5 27.Qd2 Bg7 28.g4 Ne7 29.Qg5 Nd5
30.Bd2 Bf8 31.Qh4 f6 32.a4 Ba3 33.Rxc8+ Rxc8 34.Rb5 Bc5 35.a5 a6 36.Nxc5 Rxc5
37.Rxc5 bxc5 38.g5 f5 39.Qc4 Nf4+ 40.Bxf4 Qxc4 41.dxc4 exf4 42.Kf2 h6 43.h4 hxg5
44.hxg5 Kf7 45.e3 fxe3+ 46.Kxe3 Ke6 47.f4  1/2-1/2

[Event "15th Dubai Open 2013"]
[Site "Dubai UAE"]
[Date "2013.04.11"]
[Round "5.5"]
[White "Ghaem Maghami,E"]
[Black "Kryvoruchko,Y"]
[Result "1/2-1/2"]
[WhiteElo "2561"]
[BlackElo "2668"]

1.Nf3 Nf6 2.c4 b6 3.g3 c5 4.Bg2 Bb7 5.O-O g6 6.b3 Bg7 7.Bb2 O-O 8.Nc3 Na6
9.d4 d5 10.e3 dxc4 11.bxc4 cxd4 12.exd4 Rc8 13.Qe2 Qc7 14.Ne5 Bxg2 15.Kxg2 Nb8
16.Rac1 Qb7+ 17.Kg1 e6 18.Nb5 Rfd8 19.c5 Ne8 20.Ba3 bxc5 21.Bxc5 a6 22.Na3 Nc6
23.Rb1 Qa8 24.Nxc6 Qxc6 25.Rb6 Qd5 26.Nc2 a5 27.Ne3 Qd7 28.Rd1 Nf6 29.Qf3 Qa4
30.Rb7 Rd7 31.a3  1/2-1/2

[Event "ch-LAT 2013"]
[Site "Riga LAT"]
[Date "2013.04.17"]
[Round "6.1"]
[White "Kretainis,K"]
[Black "Kovalenko,I"]
[Result "0-1"]
[WhiteElo "2228"]
[BlackElo "2596"]

1.Nf3 Nf6 2.c4 b6 3.g3 Bb7 4.Bg2 c5 5.O-O g6 6.b3 Bg7 7.Bb2 O-O 8.Nc3 d6
9.d3 a6 10.a3 Nc6 11.e3 Rb8 12.d4 cxd4 13.exd4 d5 14.Ne5 Na5 15.cxd5 Nxd5
16.Ne4 Rc8 17.Re1 Rc7 18.Rc1 Rxc1 19.Bxc1 Nc6 20.Bb2 Qa8 21.Ng5 Nxe5 22.dxe5 Bh6
23.Nf3 e6 24.Qe2 Rc8 25.h4 b5 26.Kh2 Nc3 27.Qd3 Ne4 28.Qe2 Nc5 29.b4 Na4
30.Ba1 Nc3 31.Qd3 Ne4 32.Bd4 Rd8 33.Qe2 Rd7 34.Rd1 Nd2 35.Nxd2 Bxg2 36.Be3 Bxe3
37.Qxe3 Bb7 38.Re1 Kg7 39.Ne4 Bxe4 40.Qxe4 Qxe4 41.Rxe4 Rd3 42.Re3 Rxe3 43.fxe3 g5
44.hxg5 Kg6 45.g4 Kxg5 46.Kg3 f5 47.exf6 Kxf6 48.Kf4 h6 49.e4 Kf7 50.Ke3 Kg6
51.Kf4 Kf6 52.Kf3 Kg5 53.e5 h5 54.gxh5 Kxh5 55.Ke4 Kg4 56.Kd4 Kf4 57.Kc5 Kxe5
58.Kb6 Kd4 59.Kxa6 e5  0-1

[Event "48th Capablanca Open I 2013"]
[Site "Havana CUB"]
[Date "2013.04.21"]
[Round "1.35"]
[White "Leiva,G"]
[Black "Lebredo Zaragoitia,G"]
[Result "1-0"]
[WhiteElo "2388"]
[BlackElo "2200"]

1.Nf3 Nf6 2.c4 c5 3.g3 b6 4.Bg2 Bb7 5.O-O g6 6.Nc3 Bg7 7.d4 cxd4 8.Qxd4 Nc6
9.Qf4 Rc8 10.b3 O-O 11.Bb2 Na5 12.Rab1 d6 13.Rfd1 Nh5 14.Qd2 Nf6 15.Qd3 Nc6
16.Rbc1 Rc7 17.Qb1 Rd7 18.Qa1 Nb4 19.a3 Na6 20.b4 Nc7 21.Rc2 Qa8 22.Rcd2 Bh6
23.Rd4 Ne6 24.Rh4 Bg7 25.Nd5 Nxd5 26.cxd5 Bxb2 27.Qxb2 Bxd5 28.Qd2 Be4 29.Qh6  1-0

[Event "Victory Day Open 2013"]
[Site "Moscow RUS"]
[Date "2013.05.07"]
[Round "3.2"]
[White "Rusakov,G"]
[Black "Dragomarezkij,E"]
[Result "1/2-1/2"]
[WhiteElo "2225"]
[BlackElo "2364"]

1.Nf3 c5 2.g3 b6 3.Bg2 Bb7 4.O-O Nf6 5.c4 g6 6.b3 Bg7 7.Bb2 O-O 8.Nc3 d6
9.d4 cxd4 10.Nxd4 Bxg2 11.Kxg2 Qc8 12.e4 Re8 13.f3 a6 14.Qd2 Nbd7 15.Rad1 Qb7
16.Rfe1 Ne5 17.a4 Rad8 18.Nc2 Ned7 19.Nd5 Rc8 20.Nce3 Qb8 21.Bd4 Qb7 22.Qb2 Nxd5
23.Nxd5 Bxd4 24.Qxd4 Nc5 25.Qb2 f6 26.Re2  1/2-1/2

[Event "Mitropa Cup 2013"]
[Site "Meissen GER"]
[Date "2013.06.04"]
[Round "4.1"]
[White "Shengelia,D"]
[Black "Kuljasevic,D"]
[Result "1/2-1/2"]
[WhiteElo "2558"]
[BlackElo "2574"]

1.Nf3 Nf6 2.c4 b6 3.g3 c5 4.Bg2 Bb7 5.O-O g6 6.Nc3 Bg7 7.Re1 d6 8.e4 Nc6
9.d4 cxd4 10.Nxd4 Nxd4 11.Qxd4 O-O 12.Qd2 Nd7 13.b3 a6 14.Bb2 Nc5 15.h4 h5
16.Re3 e6 17.Rd1 b5 18.b4 Nd7 19.cxb5 Ne5 20.Bf1 Bh6 21.f4 Ng4 22.Ree1 axb5
23.Qxd6 Qxd6 24.Rxd6 e5 25.Rb6 Rab8 26.Rxb5 exf4 27.gxf4 Bxf4 28.Nd5 Bg3
29.Re2 Bxh4 30.a3 Kh7 31.Bh3 f5 32.exf5 Rxf5 33.Bxg4 Rxd5 34.Rxd5 Bxd5 35.Rd2 Be4
36.Rd7+ Kh6 37.Bh3 Rb5 38.Bc1+ Bg5 39.Bxg5+ Kxg5 40.Bg2 Bxg2 41.Kxg2 Kf4
42.Rd4+ Ke5 43.Rh4 Rd5 44.a4 Rd2+ 45.Kf3 Rd3+  1/2-1/2

[Event "6th Karen Asrian Mem"]
[Site "Jermuk ARM"]
[Date "2013.06.18"]
[Round "3.11"]
[White "Gorovets,A"]
[Black "Shamatava,A"]
[Result "1-0"]
[WhiteElo "2470"]
[BlackElo "2111"]

1.Nf3 Nf6 2.c4 b6 3.g3 Bb7 4.Bg2 c5 5.O-O g6 6.Nc3 Bg7 7.d4 cxd4 8.Nxd4 Bxg2
9.Kxg2 O-O 10.e4 Nc6 11.Be3 Ne5 12.b3 Rc8 13.h3 d6 14.Rc1 Re8 15.Qd2 Qd7
16.Rfd1 Qb7 17.f3 a6 18.a4 Nfd7 19.Bh6 Nc5 20.Rb1 Rcd8 21.h4 e6 22.Bxg7 Kxg7
23.h5 f5 24.exf5 gxf5 25.b4 Ncd7 26.Qg5+ Kf7 27.Nd5 Nf8 28.h6 Neg6 29.Qf6+ Kg8
30.Nxb6 Re7 31.a5 Rde8 32.b5 Rf7 33.Qg5 e5 34.Nc6 e4 35.Rxd6 exf3+ 36.Kf1 f4
37.g4 f2 38.Kxf2 f3 39.Re1 Re2+ 40.Rxe2 fxe2+ 41.Kxe2 axb5 42.cxb5 Qc7 43.Qd8  1-0

[Event "VIII Wroclaw Open A 2013"]
[Site "Wroclaw POL"]
[Date "2013.07.03"]
[Round "3.2"]
[White "Stachowiak,K"]
[Black "Dobrowolski,P"]
[Result "1/2-1/2"]
[WhiteElo "2477"]
[BlackElo "2419"]

1.Nf3 Nf6 2.c4 b6 3.g3 c5 4.Bg2 Bb7 5.O-O g6 6.b3 Bg7 7.Bb2 O-O 8.d4 cxd4
9.Qxd4 d6 10.Nc3 Nbd7 11.Rfd1 Rc8 12.Rac1 Ne4 13.Qe3 Nxc3 14.Bxc3 Nf6 15.Qd3 Rc7
16.Qb1  1/2-1/2

[Event "IsBank TCh-TUR 2013"]
[Site "Denizli TUR"]
[Date "2013.07.04"]
[Round "6.6"]
[White "Dogan,N"]
[Black "Eminov,O"]
[Result "1-0"]
[WhiteElo "2105"]
[BlackElo "2249"]

1.Nf3 c5 2.c4 b6 3.g3 Bb7 4.Bg2 Nf6 5.O-O g6 6.Nc3 Bg7 7.Re1 d6 8.e4 O-O
9.d4 cxd4 10.Nxd4 Qc8 11.b3 Nc6 12.Nde2 a6 13.a4 Nb4 14.Rb1 Ng4 15.h3 Ne5
16.Be3 Ned3 17.Rf1 e6 18.Qd2 f5 19.Na2 a5 20.Nxb4 Nxb4 21.Qxd6 Rd8 22.Qf4 Qc6
23.Qh4 e5 24.Nc3 Rf8 25.Bg5 f4 26.Nd5 Nxd5 27.exd5 Qc7 28.d6 Qd7 29.Bxb7 Qxb7
30.Rbd1 Qd7 31.gxf4 Rf5 32.Qg4 h5 33.Qg2 Raf8 34.Be7 R8f7 35.Rd3 exf4 36.Qxg6 Re5
37.Rfd1 Re6 38.Qxe6 Qxe6 39.d7 Rxe7 40.d8=Q+ Kh7 41.Rd7 Qg6+ 42.Kf1 Re8 43.Qc7 Rg8
44.Qxf4 Qe6 45.Qf3 Rf8 46.Qxh5+ Kg8 47.Qd5  1-0

[Event "31st Andorra Open"]
[Site "La Massana AND"]
[Date "2013.07.20"]
[Round "1.6"]
[White "Fernandez Ayuso,S"]
[Black "Vazquez Igarza,R"]
[Result "0-1"]
[WhiteElo "2043"]
[BlackElo "2571"]

1.Nf3 Nf6 2.c4 b6 3.g3 Bb7 4.Bg2 c5 5.O-O g6 6.Nc3 Bg7 7.d3 d5 8.Nd2 O-O
9.e4 dxe4 10.dxe4 Ne8 11.f4 Bxc3 12.bxc3 Qd3 13.Rf3 Qd7 14.Qe2 Qa4 15.e5 Bxf3
16.Bxf3 Nc6 17.Qg2 Rc8 18.Ne4 Ng7 19.Qh3 Rcd8 20.Ng5 Rd1+ 21.Bxd1 Qxd1+ 22.Qf1 Rd8
23.Be3 Qxf1+ 24.Kxf1 Na5 25.Ke2 Nxc4 26.g4 f6 27.exf6 exf6 28.Ne4 f5 29.Nf6+ Kf7
30.g5 Ne8 31.Kf2 Nxf6 32.gxf6 Rd3  0-1

[Event "15th TCh-Eur Senior"]
[Site "Dresden GER"]
[Date "2013.07.27"]
[Round "8"]
[White "Hjertenes,O"]
[Black "Illi,HJ"]
[Result "1/2-1/2"]
[WhiteElo "2096"]
[BlackElo "2129"]

1.Nf3 Nf6 2.g3 b6 3.Bg2 Bb7 4.O-O c5 5.c4 g6 6.b3 Bg7 7.Bb2 d6 8.e3 O-O 9.d4 cxd4
10.exd4 d5 11.Ne5 Ne4 12.Nc3 Nxc3 13.Bxc3 Nd7 14.f4 Nf6 15.f5 Rb8 16.fxg6 hxg6
17.Qe2 Qd6 18.Rfe1 Rfe8 19.Rad1 dxc4 20.bxc4 Bxg2 21.Kxg2 Nd7 22.Nf3 Rbc8
23.Bb2 Rc7 24.Rc1 Nf8  1/2-1/2

[Event "Biel MTO 2013"]
[Site "Biel SUI"]
[Date "2013.07.30"]
[Round "8.4"]
[White "Bu Xiangzhi"]
[Black "Salem,AR"]
[Result "1-0"]
[WhiteElo "2664"]
[BlackElo "2531"]

1.Nf3 c5 2.c4 Nf6 3.g3 b6 4.Bg2 Bb7 5.O-O g6 6.Nc3 Bg7 7.d4 cxd4 8.Qxd4 d6
9.Rd1 Nbd7 10.Be3 Rc8 11.Rac1 O-O 12.Qh4 a6 13.b3 Rc7 14.Bh3 Qb8 15.g4 e6
16.g5 Nh5 17.Bg4 d5 18.Bxh5 gxh5 19.Qxh5 dxc4 20.bxc4 Rxc4 21.Rxd7 Rxc3 22.Rxc3 Bxc3
23.Qh4 Bxf3 24.exf3 Qc8 25.Ra7 b5 26.Qe4 Rd8 27.h4 Rd5 28.h5 Qe8 29.Rxa6 b4
30.Kg2 Qc8 31.Ra7 Qe8 32.Qf4 Rf5 33.Qc7 Rb5 34.g6 Rf5 35.Qb7 Kg7 36.Ra8 Qb5
37.Qe7 Qd5 38.Qf8+ Kf6 39.Qh8+  1-0

[Event "Politiken Cup 2013"]
[Site "Helsingor DEN"]
[Date "2013.08.02"]
[Round "8.64"]
[White "Rosell,S"]
[Black "Skjoldager,M"]
[Result "0-1"]
[WhiteElo "1973"]
[BlackElo "2088"]

1.c4 Nf6 2.Nf3 b6 3.g3 c5 4.Bg2 Bb7 5.O-O g6 6.d4 cxd4 7.Qxd4 Bg7 8.Nc3 O-O
9.Qd3 d6 10.Bg5 Nbd7 11.Rac1 a6 12.h3 Rc8 13.b3 Re8 14.Rfd1 Qc7 15.Nd5 Qb8
16.Nxf6+ Nxf6 17.Qe3 Qc7 18.Bh6 Qc5 19.Qxc5 bxc5 20.Bxg7 Kxg7 21.Rd2 Rc7
22.Rb2 Rb8 23.Nd2 Bc8 24.Nf1 a5 25.Ne3 a4 26.Rcb1 axb3 27.Rxb3 Rxb3 28.Rxb3 Ra7
29.Rb2 Be6 30.Kh2 Nd7 31.Bc6 Ne5 32.Bb5 Ra3 33.Rc2 g5 34.Kg2 h5 35.Kh2 Ng6
36.Bc6 h4 37.gxh4 Nxh4 38.Be4 f5 39.Bd3 Kf6 40.Nd5+ Bxd5 41.cxd5 Nf3+ 42.exf3 Rxd3
43.a4 Ra3 44.h4 Rxa4 45.hxg5+ Kxg5 46.Re2 Kf6 47.Re6+ Kf7 48.Kg3 Rd4 49.Rh6 Rxd5
50.Rh7+ Ke6 51.Kf4 c4 52.Rh6+ Kd7 53.Rh1 c3 54.Rc1 Rc5 55.Rc2 Ke6 56.Ke3 Ke5
57.f4+ Kd5 58.Kd3 Rc4 59.f3 Rxf4 60.Ke3 Rc4 61.Kd3 Rd4+  0-1

[Event "Arad Open 2013"]
[Site "Arad ROU"]
[Date "2013.08.05"]
[Round "4.12"]
[White "Anton,T"]
[Black "Sadilek,P"]
[Result "0-1"]
[WhiteElo "2442"]
[BlackElo "2261"]

1.Nf3 Nf6 2.c4 b6 3.g3 Bb7 4.Bg2 c5 5.O-O g6 6.Nc3 Bg7 7.Re1 Ne4 8.Nxe4 Bxe4
9.d3 Bb7 10.Rb1 O-O 11.Bg5 Re8 12.a3 d5 13.cxd5 Qxd5 14.b4 cxb4 15.axb4 Nc6
16.Qd2 Nd4 17.Bh6 Bf6 18.e4 Nxf3+ 19.Bxf3 Qd7 20.Qe3 e5 21.h4 Red8 22.Be2 Ba6
23.Kg2 Bb5 24.h5 Rac8 25.Qf3 Qe7 26.hxg6 hxg6 27.Rh1 Rc3 28.Rbc1 Rdc8 29.Ra1 R8c7
30.Bd2 Rc2 31.Qe3 Bg7 32.Bd1 R2c6 33.Bb3 Rd6 34.Bd5 Rxd5 35.exd5 Qd6 36.Qf3 f5
37.Rac1 Be8 38.Rxc7 Qxc7 39.Rc1 Qd7 40.Rc6 Bf7 41.d6 e4 42.dxe4 Qxc6  0-1

[Event "ch-FRA w 2013"]
[Site "Nancy FRA"]
[Date "2013.08.12"]
[Round "2.6"]
[White "Hamdouchi,A"]
[Black "Milliet,S"]
[Result "0-1"]
[WhiteElo "2211"]
[BlackElo "2401"]

1.Nf3 c5 2.c4 Nf6 3.g3 b6 4.Bg2 Bb7 5.O-O g6 6.b3 Bg7 7.Bb2 O-O 8.e3 d5 9.cxd5 Qxd5
10.Nc3 Qd8 11.d4 Nbd7 12.Rc1 a6 13.Qe2 Ra7 14.Rfd1 Qa8 15.Na4 Ne4 16.Ne1 cxd4
17.Bxd4 Bxd4 18.Rxd4 Nd6 19.e4 b5 20.Nc5 Nxc5 21.Rxc5 Qd8 22.Nd3 Qb6 23.Qc2 Ba8
24.h4 Nb7 25.Rcd5 Nd8 26.Ne5 Ne6 27.Rd1 Bxd5 28.exd5 Ng7 29.Nc6 Rd7 30.Bh3 Rc7
31.Bg2 b4 32.Qe4 Qc5 33.Nxb4 a5 34.Na6 Qc2 35.Re1 Qxe4 36.Bxe4 Rc3 37.b4 axb4
38.Nxb4 Rfc8 39.Nc6 Kf8 40.Ne5 Rc1 41.Rxc1 Rxc1+ 42.Kg2 Ra1 43.g4 Rxa2 44.d6 exd6
45.Nxf7 Ra4 46.Ng5 h6 47.Nh7+ Kg8 48.Nf6+ Kf7 49.g5 Ne6 50.Bd5 Rxh4 51.Kg3 hxg5
52.Ne4 Rxe4 53.Bxe4 Kf6 54.Kf3 Nf4 55.Ke3 Ke5 56.f3 d5 57.Bc2 d4+ 58.Kd2 d3
59.Bb3 Kf5 60.Bf7 Ke5 61.Be8 Kf6 62.Bd7 Kg7 63.Bc8 Kf6 64.Bg4 Ke5 65.Bd7 Kd4
66.Be8 g4 67.fxg4 g5 68.Bc6 Nh3 69.Bg2 Nf2 70.Bf3 Ne4+ 71.Ke1 Ke3  0-1

[Event "3rd Split Open 2013"]
[Site "Split CRO"]
[Date "2013.08.15"]
[Round "6.1"]
[White "Drazic,S"]
[Black "Kuljasevic,D"]
[Result "0-1"]
[WhiteElo "2473"]
[BlackElo "2577"]

1.Nf3 Nf6 2.c4 b6 3.g3 c5 4.Bg2 Bb7 5.O-O g6 6.b3 Bg7 7.Bb2 O-O 8.d4 cxd4
9.Nxd4 Bxg2 10.Kxg2 d5 11.cxd5 Qxd5+ 12.Nf3 Qb7 13.Nd2 Rd8 14.Qc2 Na6 15.Rac1 Nb4
16.Qb1 Rxd2 17.Bc3 Rxe2 18.Bxb4 Nd5 19.Qd3 Ne3+ 20.Qxe3 Rxe3 21.fxe3 a5 22.Bc3 Bxc3
23.Rxc3 Rc8 24.Rfc1 Rxc3 25.Rxc3 Qe4 26.a4 g5 27.h3 h5 28.Kf2 Qf5 29.Kg2 g4
30.hxg4 hxg4 31.Nd4 Qd5+ 32.Kf2 e5 33.Ne2 Kg7 34.Ke1 Kg6 35.Rc4 f5 36.Rc3 Kg5
37.Rc4 Kf6 38.Rc3 Ke6 39.Rc4 Kd7 40.Rc3 Kd6 41.Rc4 Qd3 42.Rc3 Qb1+ 43.Kf2 Qd1
44.Nc1 Qf3+ 45.Ke1 Qxg3+ 46.Kd2 Qf2+ 47.Ne2 f4  0-1

[Event "FIDE World Cup 2013"]
[Site "Tromso NOR"]
[Date "2013.08.18"]
[Round "3.2"]
[White "Eljanov,P"]
[Black "Karjakin,Sergey"]
[Result "1/2-1/2"]
[WhiteElo "2702"]
[BlackElo "2772"]

1.Nf3 Nf6 2.c4 b6 3.g3 c5 4.Bg2 Bb7 5.O-O g6 6.Nc3 Bg7 7.d4 cxd4 8.Nxd4 Bxg2
9.Kxg2 Qc8 10.b3 Qb7+ 11.f3 d5 12.cxd5 Nxd5 13.Nxd5 Qxd5 14.Be3 Nc6 15.Nxc6 Qxc6
16.Rc1 Qe6 17.Qd3 O-O 18.Rc4 f5 19.Rd1 Rfc8 20.Qd5 Kf7 21.Ra4 Rc6 22.Ra6 Rd6
23.Qxe6+ Rxe6 24.Kf2 b5 25.Rxa7 Rxa7 26.Bxa7 Ra6 27.Bc5 Rxa2 28.Rd7 Bf6 29.Rb7 g5
30.Rxb5 Ra1 31.h3 Rh1 32.b4 f4 33.g4 h5 34.gxh5 Rxh3 35.Kg2 Rxh5 36.Rb8 Ke6
37.Bf2 Be5 38.Ra8 Bd6 39.Be1 Kd5 40.Rc8 Rh6 41.Rg8 Rh5 42.Rc8  1/2-1/2

[Event "FIDE World Cup 2013"]
[Site "Tromso NOR"]
[Date "2013.08.19"]
[Round "3.5"]
[White "Eljanov,P"]
[Black "Karjakin,Sergey"]
[Result "1-0"]
[WhiteElo "2702"]
[BlackElo "2772"]

1.Nf3 Nf6 2.c4 b6 3.g3 c5 4.Bg2 Bb7 5.O-O g6 6.Nc3 Bg7 7.d4 cxd4 8.Qxd4 d6
9.b3 Nbd7 10.Bb2 O-O 11.Rfd1 Ne4 12.Qe3 Nxc3 13.Bxc3 Bxc3 14.Qxc3 Qc7 15.Qe3 Nf6
16.Rd4 h5 17.Qh6 Qc5 18.Rad1 Rad8 19.Ng5 e5 20.Bxb7 exd4 21.Bd5  1-0

[Event "22nd Feffernitz Open 2013"]
[Site "Feffernitz GER"]
[Date "2013.08.21"]
[Round "5.10"]
[White "Praznik,N"]
[Black "Arztmann,Nils"]
[Result "1-0"]
[WhiteElo "2347"]
[BlackElo "1877"]

1.c4 c5 2.Nf3 Nf6 3.g3 b6 4.Bg2 Bb7 5.O-O g6 6.Nc3 Bg7 7.d3 d6 8.Bd2 Nbd7
9.a3 O-O 10.b4 d5 11.cxd5 Nxd5 12.Qb3 e6 13.Rab1 Nxc3 14.Bxc3 Bd5 15.Qb2 Bxc3
16.Qxc3 Rc8 17.Rfc1 Qe7 18.b5 c4 19.d4 Rc7 20.Nd2 Nf6 21.e4 Bb7 22.Rb4 Rfc8
23.f3 Ne8 24.Rxc4 Rxc4 25.Nxc4 Nd6 26.Qb4 Qc7 27.Bf1 a5 28.Qb2 e5 29.a4 f5
30.dxe5 Qc5+ 31.Qf2 Nxc4 32.Qxc5 Rxc5 33.Rxc4 fxe4 34.Rxc5 bxc5 35.Bc4+ Kf8
36.f4 e3 37.Kf1 Bf3 38.b6 Ke7 39.Ba6 Kd7 40.e6+ Kxe6 41.b7 Bxb7 42.Bxb7 Kf5
43.Ke2 Kg4 44.Bc8+  1-0

[Event "12th Izmir Open"]
[Site "Izmir TUR"]
[Date "2013.09.05"]
[Round "6.5"]
[White "Annaberdiev,M"]
[Black "Stupak,K"]
[Result "1-0"]
[WhiteElo "2406"]
[BlackElo "2495"]

1.c4 Nf6 2.Nf3 b6 3.g3 Bb7 4.Bg2 c5 5.O-O g6 6.Nc3 Bg7 7.Re1 d5 8.d4 dxc4
9.Qa4+ Nbd7 10.dxc5 bxc5 11.Rd1 Qc7 12.Bf4 Qc6 13.Qxc4 O-O 14.Ne1 Qc8 15.Rac1 Bxg2
16.Nxg2 Qb7 17.b3 Rac8 18.Qb5 Qxb5 19.Nxb5 a6 20.Na7 Ra8 21.Nc6 Rfe8 22.Bg5 e6
23.Ne3 Rac8 24.Bxf6 Nxf6 25.Rxc5 Rc7 26.Rc4 Bf8 27.Kg2 Rb7 28.Ng4 Nxg4 29.Rxg4 Rc8
30.Rc4 Kg7 31.Kf3 Rb5 32.Rd7 a5 33.Rf4 Kg8 34.Rc4 Kg7 35.Kg2 Re8 36.Rf4 Rf5
37.Rxf5 exf5 38.e3 Ra8 39.a4 Ra6 40.Ne5 Kg8 41.Rb7 f6 42.Nd7 Be7 43.Kf1 Rc6
44.Nb6 Bc5 45.Nc4 Bb4 46.Ke2 Rc8 47.Rb6 Kg7 48.Rb7+ Kg8 49.f3 Rd8 50.Rb5 Ra8
51.Rd5 Ra7 52.Nb6 Kf7 53.Rd7+ Rxd7 54.Nxd7 Ke6 55.Nb6 Kd6 56.Kd3 Kc6 57.Nc4 Kc5
58.Nb2 Kd5 59.e4+ fxe4+ 60.fxe4+ Kc5 61.g4 Be1 62.Ke3 Bc3 63.Nd3+ Kd6 64.h3 g5
65.Ke2 Kc6 66.Kd1 Kd6 67.Kc2 Bd4 68.b4 axb4 69.Nxb4 Kc5 70.Kd3 Bb2 71.a5 Be5
72.a6 Kb6 73.Kc4 Ba1 74.Kb3 Ka7 75.Kc2 Kb6 76.Kd3 Ka7 77.Kc4 Kb6 78.Kd5 Bc3
79.Nc6 Kxa6 80.Ne7 Kb6 81.Ng8 Kb5 82.Ke6 Kc4 83.Nxf6 Kd3 84.e5 h6 85.Kf5 Ke2
86.e6  1-0

[Event "15th Trieste Open"]
[Site "Trieste ITA"]
[Date "2013.09.06"]
[Round "8"]
[White "Valsecchi,A"]
[Black "Kuljasevic,D"]
[Result "1/2-1/2"]
[WhiteElo "2412"]
[BlackElo "2577"]

1.Nf3 Nf6 2.c4 b6 3.g3 c5 4.Bg2 Bb7 5.O-O g6 6.Nc3 Bg7 7.d4 cxd4 8.Qxd4 d6
9.Rd1 Nbd7 10.Qh4 h6 11.Ne1 Bxg2 12.Nxg2 Rc8 13.Ne3 O-O 14.Bd2 Ne5 15.b3 e6
16.Rac1 a6 17.Be1 Qc7 18.Ne4 Nxe4 19.Qxe4 Rfd8 20.Bc3 Qc6 21.Qxc6 Rxc6 22.Rc2 f5
23.a4 Nd7 24.Bxg7 Kxg7 25.b4 Ne5 26.b5 axb5 27.axb5 Rc7 28.f4 Nf7 29.Ra2 Rdc8
30.Ra6 Rb7 31.Kf2 Rc5 32.Ra8 Kf6 33.Kf3 g5  1/2-1/2

[Event "XV Villa Martelli ITT"]
[Site "Villa Martelli ARG"]
[Date "2013.09.15"]
[Round "1.1"]
[White "Trois,F"]
[Black "Contin,D"]
[Result "0-1"]
[WhiteElo "2251"]
[BlackElo "2325"]

1.Nf3 Nf6 2.c4 c5 3.g3 b6 4.Bg2 Bb7 5.O-O g6 6.b3 Bg7 7.Bb2 d5 8.cxd5 O-O
9.Nc3 Nxd5 10.Rc1 Nc6 11.d3 Nc7 12.Nd2 Rb8 13.a3 Qd7 14.Re1 Ne6 15.Na4 Bh6
16.Ba1 Ncd4 17.e3 Bxg2 18.Kxg2 Nb5 19.Nc4 Rbd8 20.Nab2 Bg7 21.f4 Bxb2 22.Nxb2 Nxa3
23.Qf3 Qd5 24.Nc4 Nxc4 25.dxc4 Qxf3+ 26.Kxf3 Rd3 27.Bc3 a5 28.Ke2 Rfd8 29.Rc2 f6
30.Rec1 Kf7 31.Rd2 Rxd2+ 32.Bxd2 Rd7 33.g4 f5 34.gxf5 gxf5 35.Bc3 Rd8 36.Be5 Ra8
37.Ra1 Ke8 38.e4 fxe4 39.Ke3 Rd8 40.Kxe4 Rd2 41.f5 Nd4 42.Bxd4 Rxd4+ 43.Ke3 Rh4
44.Rg1 Kf7 45.Rd1 Rxh2 46.Ke4 Rh3 47.Rb1 Kf6  0-1

[Event "TCh-CRO Ia Liga 2013"]
[Site "Bol CRO"]
[Date "2013.09.20"]
[Round "7.4"]
[White "Medak,B"]
[Black "Bilobrk,F"]
[Result "1-0"]
[WhiteElo "2397"]
[BlackElo "2393"]

1.c4 c5 2.Nf3 Nf6 3.g3 b6 4.Bg2 Bb7 5.O-O g6 6.Nc3 Bg7 7.b3 Ne4 8.Qc2 Nxc3
9.dxc3 d6 10.Bg5 Nd7 11.Rfe1 Qc7 12.Rad1 h6 13.Bc1 Ne5 14.Nh4 Bxg2 15.Nxg2 Qc6
16.Bf4 Ng4 17.f3 Nf6 18.Be3 Rc8 19.Qd2 Rd8 20.Qc1 h5 21.Bg5 Nh7 22.Rd3 Rd7
23.Bh6 Kf8 24.e4 Bxh6 25.Qxh6+ Kg8 26.Red1 Nf6 27.Qg5 Kg7 28.Ne3 Kf8 29.a4 Rg8
30.Kg2 Ke8 31.Nd5 Nxd5 32.cxd5 Qc7 33.c4 f6 34.Qh6 Rd8 35.f4 Kd7 36.f5 g5
37.Qxh5 Rdf8 38.a5 bxa5 39.Ra1 g4 40.Qh6 Rb8 41.Ra3 Rb4 42.e5 dxe5 43.d6 Qb7+
44.Rd5 Rxb3 45.dxe7+ Kc7 46.Rxb3 Qxb3 47.Rxc5+ Kd6 48.Rd5+ Kc7 49.e8=N+ Kc8
50.Rc5+  1-0